Normal view
MARC view
- FAISAL KABIR
Entry Personal Name
001 - CONTROL NUMBER
- control field: 84538
003 - CONTROL NUMBER IDENTIFIER
- control field: NUST
005 - DATE AND TIME OF LATEST TRANSACTION
- control field: 20211119104247.0
008 - FIXED-LENGTH DATA ELEMENTS
- fixed length control field: 211119|| aca||aabn | a|a d
040 ## - CATALOGING SOURCE
- Original cataloging agency: NUST
- Transcribing agency: NUST
100 ## - HEADING--PERSONAL NAME
- Personal name: FAISAL KABIR
670 ## - SOURCE DATA FOUND
- Source citation: Work cat.: (NUST): FAISAL KABIR, TH-SOF-1785-Lithium Ion Based Power Pack Solution for Military Equipment, 2020.
